| 000 | 00552nam a2200193Ia 4500 | ||
|---|---|---|---|
| 001 | 14190 | ||
| 003 | GE_BSU | ||
| 008 | 181216s||||||||xx |||||||||||||| ||und|| | ||
| 040 | _cGE_BSU | ||
| 245 | _aТур бизнес №12 Ноябрь 2014. | ||
| 245 | _bПутешествие за здоровьем | ||
| 245 | _cГл.ред. Елена Борисова | ||
| 260 | _aМосква | ||
| 260 | _c2014 | ||
| 300 | _a40стр.28см. | ||
| 653 | _aПутешествие за дздоровьем | ||
| 653 | _aТурбизнес | ||
| 942 | _cCR | ||
| 999 |
_c47329 _d47329 |
||